El aprendizaje en áreas /

Guardado en:
Autor Principal: Pelliza, Alicia I.
Otros Autores: Pacho García, Sebastián
Formato: Libro
Publicado: Buenos Aires : Equipo de Investigaci¢n y Acci¢n Docente, 1989
Materias:
Etiquetas: Agregar Etiqueta
Sin Etiquetas, Sea el primero en etiquetar este registro!
LEADER 00877nam a22002415a 4500
001 CEM.cems004975
005 20060217000000.0
008 130507s1989##################000#0#####d
003 CEMS
082 0 4 |a 371.3 
100 1 |a Pelliza, Alicia I. 
245 1 0 |a El aprendizaje en áreas / 
260 |a Buenos Aires :  |b Equipo de Investigaci¢n y Acci¢n Docente,  |c 1989 
300 |a 104 p. 
505 0 |a Fundamentaci¢n del aprendizaje por areas.-Area de la comunicaci¢n y expresi¢n.-Area de las ciencias sociales.-Area de las ciencias exactas y naturales.- 
653 |a Aprendizaje 
653 |a Aprendizaje por areas 
653 |a Educacion 
653 |a Enseñanza-metodos 
653 |a Interdisciplinaridad 
700 1 |a Pacho García, Sebastián 
859 |a CEMS  |b BIB. CEMS - 11 de abril  |h 371.3  |i P366  |p 2.99  |t Ej.1 
859 |a CEMS  |b BIB. CEMS - 11 de abril  |h 371.3  |i P366  |p 3.99  |t Ej.2